Rumi, el persa, el sufí (Record no. 184847)

MARC details
000 -LEADER
campo de control de longitud fija 00953nam a2200265 i 4500
001 - NÚMERO DE CONTROL
campo de control 184847
003 - IDENTIFICADOR DE NÚMERO DE CONTROL
campo de control SpMaBN
005 - FECHA Y HORA DE LA ÚLTIMA TRANSACCIÓN
campo de control 20251015161657.0
008 - DATOS DE LONGITUD FIJA--INFORMACIÓN GENERAL
campo de control de longitud fija 160204s1985 sp |||| |bspa d
080 ## - NÚMERO DE LA CLASIFICACIÓN DECIMAL UNIVERSAL
Número de la Clasificación Decimal Universal 929 Yalal al-Din Rumi
080 ## - NÚMERO DE LA CLASIFICACIÓN DECIMAL UNIVERSAL
Número de la Clasificación Decimal Universal 141.336
100 1# - ENTRADA PRINCIPAL--NOMBRE DE PERSONA
Nombre de persona Arasteh, A. Reza.
9 (RLIN) 158677
245 10 - MENCIÓN DEL TÍTULO
Título Rumi, el persa, el sufí
Resto del título : un renacimiento en el seno de la creatividad y el amor /
Mención de responsabilidad, etc. A. Reza Arasteh ; prefacio de Erich Fromm.
250 ## - MENCION DE EDICION
Mención de edición 1ª reimp. en España, 1984.
260 ## - PUBLICACIÓN, DISTRIBUCIÓN, ETC.
Lugar de publicación, distribución, etc. Barcelona :
Nombre del editor, distribuidor, etc. Paidos Ibérica,
Fecha de publicación, distribución, etc. [D.L.1985]
300 ## - DESCRIPCIÓN FÍSICA
Extensión 174 p. ;
Dimensiones 20 cm.
490 1# - MENCIÓN DE SERIE
Mención de serie Paidós orientalia ;
Designación de volumen o secuencia 18
504 ## - NOTA DE BIBLIOGRAFÍA, ETC.
Nota de bibliografía, etc. Bibliografía: p. 173-174.
600 17 - PUNTO DE ACCESO ADICIONAL DE MATERIA--NOMBRE DE PERSONA
Nombre de persona Jalal al-Din Rumi, Maulana,
Fechas asociadas al nombre 1207-1273
Fuente del encabezamiento o término
9 (RLIN) 158678
650 #7 - PUNTO DE ACCESO ADICIONAL DE MATERIA--TÉRMINO DE MATERIA
Término de materia o nombre geográfico como elemento de entrada Sufismo.
9 (RLIN) 17256
700 1# - ENTRADA AGREGADA--NOMBRE PERSONAL
Nombre de persona Fromm, Erich,
Fechas asociadas al nombre 1900-1980
9 (RLIN) 52729
830 0# - PUNTO DE ACCESO ADICIONAL DE SERIE-TÍTULO UNIFORME
Título uniforme Paidós orientalia ;
Designación de volumen o secuencia 18
9 (RLIN) 180381
852 ## - LOCALIZACIÓN
Ubicación ES-MaACL
Número de control de estantería L-30203
Nota libre . - Donat. Miguel A. Velasco
Holdings
Estatus retirado Estado de pérdida Estado de daño No para préstamo Biblioteca de origen Biblioteca actual Ubicación en estantería Fecha de adquisición Fuente de adquisición Total de préstamos Signatura topográfica completa Código de barras Visto por última vez Precio de reemplazo Tipo de ítem Koha
        Biblioteca del Ateneo de Madrid Biblioteca del Ateneo de Madrid Depósito 2 04/02/2016     L-30203 1194675 23/02/2023 23/02/2023 Libro impreso